Music Quiz

Random Music or Lyrics Quiz

The Chainsmokers feat. Halsey - 'Closer' Lyrics Quiz Stats

 Plays Quiz not verified by Sporcle

Score 0/202 Timer 08:00
1 Play Today
Lyrics % Correct
I
99.2%
I
99.2%
I
99.2%
I
99.2%
I
99.2%
I
99.2%
I
99.2%
I
99.2%
I
99.2%
I
99.2%
I
99.2%
I
99.2%
I
99.2%
I
99.2%
I
99.2%
I
99.2%
you
98.3%
you
98.3%
you
98.3%
you
98.3%
You
98.3%
you
98.3%
you
98.3%
[Chorus]
98.2%
me
98.2%
a
97.1%
a
97.1%
a
97.1%
a
97.1%
the
96%
the
96%
the
96%
the
96%
the
96%
the
96%
the
96%
your
95.8%
your
95.8%
your
95.8%
your
95.8%
your
95.8%
That
95.8%
that
95.8%
that
95.8%
that
95.8%
your
95.8%
That
95.7%
was
95.6%
was
95.6%
was
95.6%
Hey,
95.5%
Hey,
95.4%
just
95.2%
just
95.2%
to
95.1%
to
95.1%
to
95.1%
to
95.1%
in
95.1%
in
95.1%
In
95.1%
in
95.1%
in
95.1%
in
95.1%
in
95.1%
met
94.9%
met
94.9%
closer
94.2%
Lyrics % Correct
know
94.1%
know
94.1%
know
94.1%
an
94.1%
back
93.8%
and
93.5%
And
93.5%
And
93.5%
and
93.5%
And
93.5%
And
93.5%
pull
93.1%
Pull
93.1%
can't
93.1%
can't
93.1%
can't
93.1%
can't
93.1%
can't
93.1%
of
92.9%
Of
92.9%
baby,
92.9%
fine
92.8%
So
92.8%
before
92.7%
doing
92.7%
Rover
92.6%
but
92.2%
But
92.2%
okay
92%
okay
92%
I'm
91.7%
I'm
91.7%
on
90.8%
it
90.6%
it
90.6%
it
90.6%
shoulder
90.5%
much
90.3%
afford
90.3%
We
90.1%
(We
90.1%
We
90.1%
we
90.1%
tattoo
89.8%
too
89.7%
no
89.7%
No,
89.7%
no
89.7%
No,
89.7%
issue,
89.1%
never
88.6%
look
88.5%
that's
88.4%
getting
88.4%
getting
88.3%
getting
88.3%
older
88.2%
older
88.2%
older)
88.2%
stole
87.9%
From
87.6%
stop
87.6%
stop
87.6%
stop
87.6%
stop
87.6%
ain't
87.5%
ain't
87.5%
ain't
87.5%
Lyrics % Correct
drink
87.5%
sheets
87.3%
backseat
87.3%
city
86.8%
city
86.8%
broke-down
86.7%
broke-down
86.7%
car
86.6%
car
86.6%
corner
86.5%
heart
86.5%
heart
86.5%
see
86.4%
right
86.4%
meet
85.7%
bar
85.7%
bar
85.7%
friends
85.7%
them
85.7%
them
85.7%
hotel
85.6%
hotel
85.6%
off
85.4%
ever
85.3%
ever
85.3%
ever
85.3%
breaks
85.3%
breaks
85.3%
again
85.1%
years,
85%
nice
85%
years,
85%
mattress
84.9%
roommate
84.7%
four
84.4%
four
84.4%
Now
84.3%
Now
84.3%
hope
84.2%
tell
83.8%
Bite
83.8%
pretty
83.5%
pretty
83.5%
looking
82.6%
looking
82.6%
Boulder
82%
day
80.9%
as
79.8%
as
79.8%
good
79.8%
you're
79.5%
Moved
79.3%
Moved
79.3%
insane
76.2%
why
75.1%
left
75.1%
calls
75.1%
calls
75.1%
forget
73.5%
song
71.8%
Blink-182
70.5%
play
70.1%
death
65.7%
beat
63.8%
Stay
63.5%
Tucson,
56.9%

You're not logged in!

Compare scores with friends on all Sporcle quizzes.
OR
Log In

Sporcle TV

Today on Sporcle TV


Watch our educational content, quiz creation guides, and fun videos on Sporcle TV.

Show Comments

Extras

Created Aug 11, 2016ReportNominate
Tags:Lyrics Quiz

Top Quizzes Today


Score Distribution

Your Account Isn't Verified!

In order to create a playlist on Sporcle, you need to verify the email address you used during registration. Go to your Sporcle Settings to finish the process.

Report this User

Report this user for behavior that violates our Community Guidelines.

Details: